00844nam a2200229 a 450000100100000000500170001000800410002702000150006804000250008308200190010810000390012724500840016625000110025026000440026130000210030549000240032650000730035059000260042383000310044995201170048099900170059700004255920201002040232.0140127s1979 sp 000 0 spa d a8430107304 aDO-SdBNPbspacBNPHU axxxxxxbxxxxxx1 aCastillo, José M.,d1929-96980713aLa Alternativa Cristiana :bhacia una iglesia del pueblo /cJosé M. Castillo. a4a ed. aSalamanca, España, :bSigueme,c1979. a353 p. ;c22 cm.1 aVerdad e imagenv52 aIncluye referencias bibliográficas y notas al pie de las páginas aInventariado, 2019/VM 0aVerdad e imagenn52969808 001050718MOaGRbGRcHDd2014-01-27iLF1l0oxxxxxx xxxxxxp42559-10r2020-06-25w2020-06-25y1ZNo se presta c42048d42048